00608nam a2200145Ia 450000500170000000800410001710000370005824501520009526000390024730000110028665000270029794200070032499900150033195201160034620260328101506.0260328s9999||||xx |||||||||||||| ||und|| aSanín Santamaría, Juan Diego 0aHogar en Tránsito :b Entre las tácticas de la malicia indígena y las estrategias de la inclusión Social /cJuan Diego Sanín Santamaría bUniversidad Pontificia Bolivariana a235 p. aVIVIENDA DE EMERGENCIA cBK c9047d9047 001040708GENaGPCbGPCcGENd2026-03-28i2846l0o728.2 Sa 584p2846r2026-03-28 15:15:07t1w2026-03-28yBK